Normal view
MARC view
- Western countries
Entry Nombre geográfico
001 - NÚMERO DE CONTROL
- campo de control: 6360
003 - IDENTIFICADOR DEL NÚMERO DE CONTROL
- campo de control: ES-StUEA
005 - FECHA Y HORA DE LA ÚLTIMA TRANSACCIÓN
- campo de control: 20251006150213.0
008 - DATOS DE LONGITUD FIJA
- campo de control de longitud fija: 251006|| aca||aabn | a|a d
040 ## - FUENTE DE LA CATALOGACIÓN
- Centro catalogador/agencia de origen: ES-StUEA
- Centro/agencia transcriptor: ES-StUEA
151 ## - ENCABEZAMIENTO--NOMBRE GEOGRÁFICO
- Nombre geográfico: Western countries
- Subdivisión general: Social conditions
- Subdivisión general: Forecasting
670 ## - FUENTE DE DATOS ENCONTRADOS
- Cita de la fuente: Work cat.: (ES-StUEA)0: Karp, Alexander C. author aut 6354, The technological republic :, 2025